000 00494nam a2200181 4500
003 CO-ViMGA
020 _a9789583017445
040 _aCO-ViMGA
_bspa
_cCO-ViMGA
090 _aC
_bM67m
100 1 _aMorales, Máximo
_91109
245 1 0 _aEl mágico mundo de los magos
260 _aBogotá
_bPanamericana Editores
_c2010
300 _a96 p.
_bil:,30 cm x 22 cm x 1,1 cm
500 _aIncluye ínidce
610 _2Cuento infantil - historia
610 _2Literatura infantil
942 _2ddc
_cBK
999 _c12198
_d12198